| Tag |
First Indicator |
Second Indicator |
Subfields |
| LEADER |
00000cam a2200000 a 4500 |
| 001 |
in00000010737 |
| 005 |
20151007051434.0 |
| 008 |
861022s1987 nyua b 00100 eng d |
| 010 |
|
|
|a 86028906
|
| 020 |
|
|
|a 0471885657
|
| 035 |
|
|
|a (OCoLC)14692755
|
| 035 |
|
|
|9 AAA2964AM
|
| 040 |
|
|
|a DNLM/DLC
|c DLC
|d m/c
|d TXA
|d UtOrBLW
|
| 049 |
|
|
|a TXAM
|c [A12637056]
|
| 050 |
0 |
0 |
|a BF719
|b .H36 1987
|
| 060 |
|
0 |
|a WS 105 H236
|
| 082 |
0 |
|
|a 155.4/22
|2 19
|
| 245 |
0 |
0 |
|a Handbook of infant development /
|c edited by Joy Doniger Osofsky.
|
| 250 |
|
|
|a 2nd ed.
|
| 264 |
|
1 |
|a New York :
|b Wiley,
|c [1987]
|
| 264 |
|
4 |
|c ©1987
|
| 300 |
|
|
|a xix, 1391 pages :
|b illustrations ;
|c 26 cm.
|
| 336 |
|
|
|a text
|b txt
|2 rdacontent
|
| 337 |
|
|
|a unmediated
|b n
|2 rdamedia
|
| 338 |
|
|
|a volume
|b nc
|2 rdacarrier
|
| 490 |
1 |
|
|a Wiley series on personality processes
|
| 500 |
|
|
|a "Wiley-Interscience publication."
|
| 504 |
|
|
|a Includes bibliographies and indexes.
|
| 650 |
|
0 |
|a Infant psychology.
|
| 650 |
|
0 |
|a Infants
|x Development.
|
| 700 |
1 |
|
|a Osofsky, Joy D.
|
| 830 |
|
0 |
|a Wiley series on personality processes.
|
| 999 |
|
|
|a MARS
|
| 999 |
f |
f |
|s bc560a38-6cd0-369e-af41-9d965ca121be
|i d5edc4b9-1ea4-3c33-bd91-8817185b33a3
|t 0
|
| 952 |
f |
f |
|p normal
|a Texas A&M University
|b College Station
|c Sterling C. Evans Library
|d Evans: Library Stacks
|t 0
|e BF719 .H36 1987
|h Library of Congress classification
|i unmediated -- volume
|m A14812637056
|
| 998 |
f |
f |
|a BF719 .H36 1987
|t 0
|l Evans: Library Stacks
|